|
|
|
|
| LEADER |
02243nam a2200373 a 4500 |
| 001 |
GR-MES12781 |
| 008 |
070718s gr 000 0 gre d |
| 020 |
|
|
|a 9602866926
|
| 040 |
|
|
|a GrPaTEI
|b gre
|c GR-PaULI
|
| 040 |
|
|
|a GrPaTEI
|b gre
|c GR-PaULI
|
| 082 |
|
0 |
|a 658.45
|2 21
|
| 100 |
1 |
|
|a Himstreet, William C.
|
| 245 |
1 |
0 |
|a Επιχειρησιακές επικοινωνίες /
|c William C. Himstreet, Wayne Murlin Baty, Carol M. Lehman ; Επιμέλεια έκδοσης: Μπουσουράκος Γιώργος, Σαρρής Νίκος ; Απόδοση στην Ελληνική γλώσσα:Autrey Elisa ... [κ.α.].
|
| 250 |
|
|
|a 11η εκδ.
|
| 260 |
|
|
|a Αθήνα :
|b Έλλην,
|c 2002
|
| 300 |
|
|
|a 452σ. :
|b εικ., σχεδ., γραφ. ;
|c 24εκ.
|
| 500 |
|
|
|a Σύστημα "ΕΥΔΟΞΟΣ": αρ.εισ.26694, 27271, 27272
|
| 610 |
|
4 |
|a Σύστημα ΕΥΔΟΞΟΣ
|
| 650 |
|
4 |
|a ΕΜΠΟΡΙΚΗ ΑΛΛΗΛΟΓΡΑΦΙΑ
|
| 650 |
|
4 |
|a Επιχειρησιακά έγγραφα
|
| 650 |
|
4 |
|a ΕΠΙΧΕΙΡΗΣΙΑΚΗ ΕΠΙΚΟΙΝΩΝΙΑ
|
| 700 |
1 |
|
|a Autrey, Elisa
|
| 700 |
1 |
|
|a Baty, Wayne Murlin
|
| 700 |
1 |
|
|a Lehman, Carol M.
|
| 700 |
1 |
|
|a Μπουσουράκος, Γιώργος
|
| 700 |
1 |
|
|a Σαρρής, Νίκος
|
| 710 |
0 |
|
|a Ελλην
|
| 942 |
|
|
|2 ddc
|
| 952 |
|
|
|0 0
|1 0
|2 ddc
|4 0
|6 658_450000000000000_HIM
|7 0
|9 271340
|a MSLG
|b MSLG
|c BSC
|d 2021-01-17
|e 24
|f 0
|g 0.00
|l 0
|o 658.45 HIM
|p 2420000022289
|r 2021-01-17 00:00:00
|t 1
|w 2021-01-17
|y BK15
|x 20070718 0 ΤΣΑΝΤΑΡΛΙΩΤΗ 1
|x GrPaTEI
|
| 952 |
|
|
|0 0
|1 0
|2 ddc
|4 0
|6 658_450000000000000_HIM
|7 0
|9 271341
|a MSLG
|b MSLG
|c EUD
|d 2021-01-17
|e 24
|f 0
|g 0.00
|l 0
|o 658.45 HIM
|p 2420000026694
|r 2021-01-17 00:00:00
|t 1
|w 2021-01-17
|y BK15
|x 20131002 0 ΧΑΣΑΝΗ 1
|x GrPaTEI
|
| 952 |
|
|
|0 0
|1 0
|2 ddc
|4 0
|6 658_450000000000000_HIM
|7 0
|9 271342
|a MSLG
|b MSLG
|c EUD
|d 2021-01-17
|e 24
|f 0
|g 0.00
|l 0
|o 658.45 HIM
|p 2420000027271
|r 2021-01-17 00:00:00
|t 1
|w 2021-01-17
|y BK15
|x 20140217 0 ΧΑΣΑΝΗ 1
|x GrPaTEI
|
| 952 |
|
|
|0 0
|1 0
|2 ddc
|4 0
|6 658_450000000000000_HIM
|7 0
|9 271343
|a MSLG
|b MSLG
|c EUD
|d 2021-01-17
|e 24
|f 0
|g 0.00
|l 0
|o 658.45 HIM
|p 2420000027272
|r 2021-01-17 00:00:00
|t 1
|v 2021.00
|w 2021-01-17
|y BK15
|x 20140217 0 ΧΑΣΑΝΗ 0
|x GrPaTEI
|
| 971 |
|
|
|a .b25788280
|b 16-04-20
|c 13-09-16
|
| 999 |
|
|
|c 156717
|d 156717
|